00383nam a2200145Ia 4500008004100000020001500041082001700056100001800073245005200091250000800143260003300151300001200184500002500196650001600221230524s9999 xx 000 0 und d a8177000349 a621.382bCHA aP.Chakrabarti 2aA Text Book of Analog and Digital Communication a1ST aNEW DELHIbDhanpat Raic2007 aXII;345 aQuantity Number: 10 aElectronics